000 00955nas a2200301 4500
001 BR2016000661
003 BR-BrBNA
005 20231205130128.0
007 ta
008 230509b bl.|||p| |||| 00| 00por d
040 _aBR-BrBNA
_bpor
_cBiblioteca Nacional de Agricultura
041 _a(En)
072 _aF02
100 1 _aKurita, F.M.K.
100 1 _aTamaki, V.
245 1 _aIn vitro growth of the bromeliad Alcantarea imperialis (Carrière)Harms with different concentrations of nitrogen
650 _aBROMELIA
650 _aCONSERVACAO
650 _aPRESERVACAO DA NATUREZA
650 _aCULTURA IN VITRO
650 _aREGENERACAO
650 _aNUTRICAO VEGETAL
650 _aPLANTA ORNAMENTAL
650 _aESPECIE EM EXTINCAO
773 0 _tActa Scientiarum. Biological Sciences (Brazil)
_xISSN 1679-9283
_g(Jul-Sep 2014), v. 36(3) p. 279-285
_wBR2016000661
909 _a202311
_bLúcia
_c55
_dLúcia Elande
942 _2AGRIS
_n0
_cANA
999 _c247965
_d247965